| 000 | 01508pam a2200301 a 4500 | ||
|---|---|---|---|
| 005 | 20230706110615.0 | ||
| 008 | 951204s1996 nyua b 001 0 eng | ||
| 010 | _a 95049627 | ||
| 020 | _a0471121754 (pbk : alk. paper) | ||
| 040 |
_aDLC _cDLC _dDLC _eDLC _dDLC |
||
| 050 | 0 | 0 | _bT65 1996 |
| 082 | 0 | 0 |
_a658.478 _220 _bTOI-D |
| 100 | 1 |
_aToigo, Jon William, _d1959- |
|
| 245 | 1 | 0 |
_aDisaster recovery planning : _bfor computers and communication resources / _cJon William Toigo. |
| 260 |
_aNew York : _bJohn Wiley, _cc1996. |
||
| 300 |
_axxii, 329 p. : _bill. ; _c24 cm. + |
||
| 504 | _aIncludes bibliographical references and index. | ||
| 538 | _aSystem requirements for accompanying computer disk: An IBM PC family computer or compatible computer with 256K minimum memory, a 3.5" high-density floppy drive; PC DOS; MS DOS; or DR DOS Version 2.0 or later, and a printer. | ||
| 650 | 0 | _aData recovery (Computer science) | |
| 650 | 0 | _aComputer security. | |
| 650 | 0 |
_aTelecommunication systems _xSecurity measures. |
|
| 856 | 4 | 2 |
_3Contributor biographical information _uhttp://www.loc.gov/catdir/bios/wiley043/95049627.html |
| 856 | 4 | 2 |
_3Publisher description _uhttp://www.loc.gov/catdir/description/wiley035/95049627.html |
| 856 | 4 |
_3Table of Contents _uhttp://www.loc.gov/catdir/toc/onix06/95049627.html |
|
| 906 |
_a7 _bcbc _corignew _d1 _eocip _f19 _gy-gencatlg |
||
| 999 |
_c18856 _d18856 |
||